| 000 | 00928nmm a2200277 a 4500 | ||
|---|---|---|---|
| 001 | ocm000785916 | ||
| 003 | TR-IsHL | ||
| 005 | 20201028143646.0 | ||
| 008 | 140420s2014 tu eng | ||
| 007 | cr cn | ||
| 020 | _a9781304944498 | ||
| 035 |
_a785916 _b(N$T) |
||
| 050 | 0 | 4 |
_aPR4569.A1 _bL544 2014 |
| 090 | 0 | 4 |
_aPR4569.A1 _bL544 2014 |
| 100 | 1 | _aDickens, Charles, | |
| 245 | 1 | 0 |
_aThe Life and adventures of Nicholas Nickleby _h[electronic resource] / _cCharles, Dickens |
| 260 |
_aİstanbul : _bE-Kitap Projesi, _c2014 |
||
| 300 | _a637 p. | ||
| 650 | 4 | _aDil ve Edebiyat | |
| 650 | 4 | _aLanguage and Literature | |
| 650 | 0 | _aDickens, Charles 1812-1870 | |
| 650 | 0 | _aİngiliz Romanı | |
| 650 | 0 | _aEnglish Fiction | |
| 650 | 7 |
_aLITERARY COLLECTIONS / European / English, Irish, Scottish, Welsh _2bisacsh |
|
| 856 | 4 | 0 | _uhttp://search.ebscohost.com/login.aspx?direct=true&scope=site&db=e011xww&AN=785916 |
| 999 |
_c9019 _d9019 |
||